000 00719nam a2200217 i 4500
001 173935
003 ES-MaACL
005 20231103062537.0
008 100129s1989 sz e |||| | fre d
020 _a2-907679-12-0
080 _a913(443.61 P.)(036)
100 1 _aLepany, Régis.
_9142079
245 1 3 _aLe guide Paris Révolution /
_cRégis Lepany.
260 _aParis :
_bLoysel,
_c[1989?]
300 _a36 p. :
_bplanos ;
_c26 x 12 cm.
650 4 _aLugares históricos-
_zParís.
_914712
651 4 _aParís-
_vGuías turísticas.
_99209
651 4 _aFrancia-
_xHistoria-
_y1789-1799, Revolución
_98685
852 4 _a BA
_j2279-F-19 . -
_zBiblioteca Jacinto Martínez Lacalle
999 _c173935
_d173935